000 00593nam a2200205Ia 4500
003 GCL
008 140319s9999 xx 000 0 ara d
040 _aGCL /
_cGCL
082 0 4 _aق
_b809.62
_bج ح
100 1 _aعبدالمنعم ابوبكر
245 1 0 _aحكمة اخناتون /
_cعبدالمنعم ابوبكر
700 1 _aجرانتام، ا
700 1 _aايريس حبيب المصرى
300 _a141 ص
490 _aالالف كتاب
_v0
650 0 4 _aالتوحيد
650 0 4 _aالحضارة الفرعونية
650 0 4 _aاخناتون
942 _2ddc
_cBK
999 _c45185
_d45185